MDQL
is popping MORE tags! Check the
thread
!
Quizzes
Events
Quiz Creation
Community
Videos
Private Events
Remove Ads
Sign In
Join for FREE
Feedback
Dark Mode
Quiz Categories
Sports
Geography
Music
Movies
Television
Just For Fun
Miscellaneous
History
Literature
Language
Science
Gaming
Entertainment
Religion
Holiday
For Kids
Quiz Lab
Recent
Popular Today
Quiz Kudos Today
Editor Picks
Curator Picks
Quizzes by...
Day
Popularity
Type
Ratings
Length
Year
Community
Subscriptions
Recent Discussions
Orange Saloon
Badges
Playlists
Quests
Create
Leaderboards
Showdown
Live 5
Trivia Bingo
Activity
Puzzle Library
Sporcle Events
Private Events
Virtual Trivia
Globe League
Become a Host
Pub Owners
SporcleCon
Opinionation
Our Games
Videos
Blog
Mobile Apps
Partnerships
Remove Ads and Go Orange
Feedback
Music
Pop Music
The Beatles
Song
Album
Lyrics
Bands
Singers
Artist
Clip
Rock
Rap
Classical
Billboard
Country Music
Kpop
Taylor Swift
Music
Pop Music
The Beatles
Song
Album
Lyrics
Bands
Singers
Artist
Clip
Rock
Rap
Classical
Billboard
Country Music
Kpop
Taylor Swift
Random Quiz
Search Sporcle
×
Quiz Lab
Quiz Lab
Music
Artist
Type in answers that appear in a list
Type in answers that appear in a list
Classic
Best Score? Go Orange.
Can You Name The 2011 Kpop Music Clips (Part 2) Stats
Can you name the 2011 Kpop Music Clips (Part 2)?
By
kpoplover03
20m
33 Questions
2,163 Plays
2,163 Plays
2,163 Plays
Comments
Comments
Give Quiz Kudos
Give Quiz Kudos
-
- Ratings
hide this ad
Replay
Link that replays current quiz
Next Quiz
Link to next quiz in quiz playlist
You Got
0%
They Got
Avg Score
39%
Avg Friend Score
Upgrade to see
Score Distribution
Jump to the score distribution portion of the page
Score
0/33
Timer
20:00
0
Plays Today
Artist
Song
% Correct
Super Junior
A-CHA
85.3%
Park Bom (2NE1)
Don't Cry
83.6%
SISTAR
So Cool
73%
Super Junior
Superman
69.6%
Rania
Dr. Feel Good
68.7%
Infinite
Paradise
67.3%
Brown Eyed Girls
Sixth Sense
62.5%
Orange Caramel
Bangkok City
58.3%
Secret
Starlight Moonlight
57.6%
Block B
Freeze
53.7%
Bang Yong Kuk
I Remember
51.1%
Block B
Wanna B
49.1%
Jay Park
Demon
47.8%
Boyfriend
Don't Touch My Girl
44.4%
Seo In Guk
Shake It Up
39.1%
Park Jung Min (SS501)
Not Alone
38.8%
Jay Park
Tonight
33.3%
Artist
Song
% Correct
Dal Shabet
Bling Bling
31.4%
After School
In The Night Sky
29.2%
Rania
Masquerade
28.3%
Kim Kyu Jong (SS501)
Yesterday
27.7%
Davichi
Don't Say Goodbye
27.7%
Nine Muses
Figaro
27.6%
STELLAR
Rocket Girl
27.4%
After School
Wonder Boy
21.7%
Chi Chi
Longer
21.2%
Chi Chi
Don't Play Around
16.9%
Brown Eyed Girls
Hot Shot
16%
Brave Girls
So Sexy
12%
Brave Girls
Easily
10.3%
BB. Boys
We Will Be Okay
8%
Maybee
Goodbye Valentine
7.5%
NS Yoonji
I Want To See Him Again
1.6%
Quiz Playlist
Details
Report
Send in Message
Add To Playlist
Classic:
Type in answers that appear in a list
Last Updated: Aug 31, 2018
Quiz Scoreboard
CHALLENGE
Sign Up to Join the Scoreboard
Show All
Scores
Hide
Comments
May contain spoilers
Recently Published
Image Sorting: Flags VI
by Barbecue
Geography
2m
Find the 'City' Movie
by crazypaving
Movies
60s
Colored Red Africa Blitz
by spor1
Geography
45s
More to Explore
Quiz From the Vault
Featured Blog Post
14 Easter Pick-up Lines to Find Eggs With
hide this ad
You Might Also Like...
Tags
Artist Quiz
Clip Quiz
Kpop Quiz
Song Quiz
2011
Audio Quiz
Today's Top Quizzes in Music
Browse Music
hide this ad
Today's Top Quizzes in Artist
Browse Artist
Top Contributed Quizzes in Music
1
5X2 Blitz: Bands II
2
5X2 Blitz: The Beatles
3
Taylor Swift All Songs (2024)
4
5X2 Blitz: Billboard
5
5X2 Blitz: Billboard II
6
5X2 Blitz: Album
7
5X2 Blitz: Rock
8
5X2 Blitz: Singers
9
Taylor Swift Logic Puzzle II
10
5X2 Blitz: Lyrics
Explore More
Trending Topics
Kpop
Anime
NBA
Harry Potter
Disney
Crossword
Marvel
Country
WWE
Pokémon
The Office
Soccer
NFL
Puzzle
Song
hide this ad
More By:
kpoplover03
Quiz
Plays
Rating
Category
Featured
Created
Name the Kpop Songs
2,945
3.50
Music
Jul 20, 2011
Can You Name The 2011 Kpop Music Clips (Part 2)
2,163
3.25
Music
Oct 8, 2011
Go to Creator's Profile
Score Distribution
Quiz Creator Spotlight
kpoplover03
Follow
Send a Message
Quizzes Created
-
Created Quiz Play Count
-
More By This Creator
Popular Quizzes Today
1
Colored Red Africa Blitz
2
Find the US States - No Outlines Minefield
3
Find the 'City' Movie
4
5x2 Blitz: Bands
5
The Countries of the World
6
Find the US States
7
Find the Countries of Europe - No Outlines Minefield
8
US States
More Music Quizzes
'E' Taylor Swift Songs
Quiz Lab
Trending Quizzes
Colored Red Europe Blitz I
Colored Red Europe Blitz II
Colored Red Africa Blitz II
Colored Red Europe Blitz III
Colored Red Africa Blitz III
Recently Updated
How Do You Spell That?
pecheneg
Godzilla Movies
pecheneg
Grab Bag: 4-10 Letters
pecheneg
2024 March Madness Bracket
pecheneg
Famous TV Couples
Peacemaker
Champions League XIs: Real Madrid
pecheneg
Largest US Cities 1790-2010
pecheneg
Rides in Walt Disney World
pecheneg
Most Oscar Losses (Acting)
pecheneg
Beyoncé Albums
pecheneg
Trending Topics
Marvel
Anime
Disney
Crossword
NBA
Kpop
Harry Potter
Pokémon
NFL
The Office
Song
WWE
Soccer
Country
Puzzle
Your Account Isn't Verified!
In order to create a playlist on Sporcle, you need to verify the email address you used during registration. Go to your
Sporcle Settings
to finish the process.
Report this User
Report this user for behavior that violates our
Community Guidelines
.
Details:
Send Report
Go to the Sporcle.com Mobile Site →
Comments